[Event "RUS-Cup03 Geller Memorial"]
[Site "Moscow"]
[Date "1999.02.10"]
[Round "9"]
[White "Ivanov, Victor L"]
[Black "Prokopchuk, Evgeny"]
[Result "0-1"]
[WhiteElo "2427"]
[BlackElo "2489"]
[Annotator "Tsesarsky,I"]
[PlyCount "84"]
[EventDate "1999.02.10"]
[EventType "swiss"]
[EventRounds "9"]
[EventCountry "RUS"]
[SourceTitle "CBM 070"]
[Source "ChessBase"]
[SourceDate "1999.06.08"]
[SourceVersion "1"]
[SourceVersionDate "1999.06.08"]
[SourceQuality "1"]

{[%mdl 8768]} 1. e4 d6 2. d4 Nf6 3. Nc3 e5 4. dxe5 dxe5 5. Qxd8+ Kxd8 6. Bg5
Be6 7. O-O-O+ Nbd7 8. f4 exf4 9. Nf3 (9. Nge2 $6 Bd6 $1 $11 (9... Kc8 $6 10.
Bxf4 Bc5 11. h3 Re8 12. Nd4 a6 13. g4 h6 14. Bg2 $14 {[%csl Rc8] 1/2-1/2
Koskoska-Pedersen,S/Katowice op 1993 (50)}) (9... h6 $1 $11 10. Bxf6+ gxf6 11.
Nxf4 Bd6 12. Nxe6+ (12. g3 Be5 13. Nb5 (13. Ncd5 c6 14. Nxe6+ fxe6 15. Nf4
Bxf4+ 16. gxf4 Ke7 17. Rg1 Rhg8 $11 {1/2-1/2 Isoev,A-Titov,G/URS tt ch Azov
1991 (49)}) 13... c6 14. Nd4 Bxd4 15. Rxd4 Ke7 16. Be2 Rhd8 17. a3 Nc5 18. Rhd1
Rxd4 19. Rxd4 Rd8 20. Rxd8 Kxd8 $11 {1/2-1/2 Kovalev,A-Agrest,E/Berlin Summer
1993 (71)}) (12. Nfd5 Be5 13. Ne2 c6 14. Nb4 Ke7 15. Nd3 $11 {1-0 Todorovic,
V-Sero,N/YUG-chT Cetinje ,EXT 1992 (58)}) 12... fxe6 13. Bc4 Ke7 14. g3 a6 15.
Ne2 b5 16. Bb3 Nc5 $11 {1-0 Iosif,C-Stanciu,G/Bucharest-W 1993 (52)}) (9... Be7
$5 10. Nxf4 Ng4 11. Bxe7+ (11. Nxe6+ fxe6 12. Bxe7+ Kxe7 $15 {[%csl Ge5,Ge7]
[%cal Gg4e5,Gg4f2,Gg4e3,Gh8f8,Gd7e5]}) 11... Kxe7 12. Ncd5+ $11 {1/2-1/2
Glavina,P-Sokolov,A/Cadiz ,EXT 1991 (16)}) 10. Nxf4 h6 11. Nxe6+ fxe6 12. Bh4
Ke7 13. Bd3 a6 14. h3 Rhf8 15. Rhe1 $11 {1/2-1/2 Dvoirys,S-Eismont,O/Berliner
Sommer 1995 (15)}) (9. Nd5 Bxd5 10. exd5 Bd6 11. Nh3 h6 12. Bxf4 Bxf4+ 13. Nxf4
g5 14. Nh3 (14. Ne6+ $1 Kc8 (14... fxe6 15. dxe6 c6 16. exd7 Nxd7 17. Bc4 Kc7
18. Rhe1 Rhe8 $11) 15. Ng7 $14) 14... Re8 15. Bb5 Re5 16. Rhf1 Ke7 17. Bxd7
Nxd7 18. Nf2 f5 19. c4 Kd6 20. Nd3 $11 {1/2-1/2 Hoiberg,N-Brautsch,S/Aarhus
1991 (29)}) (9. Be2 $6 Bd6 $1 $15 {[%csl Yf4]} (9... c6 $6 10. Nh3 h6 (10...
Bxh3 11. gxh3 Kc8 12. Bxf6 Nxf6 13. e5 Ng8 14. Bg4+ Kc7 15. Rd7+ Kb6 16. Rxf7
g5 $132) 11. Bxf4 Bc5 $132 {1-0 Dabrowska,K-Bartosik,O/Swieradow ch-POL wmn
1992 (20)})) (9. e5 h6 10. Bxf4 (10. Bxf6+ gxf6 11. exf6 Bc5 $1 (11... Bd6 $2
12. Ne4 Kc8 (12... Bxa2 $2 13. Nxd6 cxd6 14. b3 Nxf6 15. Kb2 Ne4 16. Nh3 Rc8
17. Ra1 $18) (12... Be5 $2 13. Nf3 $16) 13. Nxd6+ cxd6 14. Rxd6 Nxf6 15. Rd4
$16) 12. Nf3 c6 13. Ne5 Kc7 14. Nxd7 Bxd7 15. Be2 Rhg8 16. Bf3 Bg4 $17 {
0-1 Tzermiadianos,A-Beikert,G/Wch-stud Sofia 1994 (28)}) 10... Ng4 11. Rd2 g5
12. h3 (12. Bg3 Bg7 13. Nf3 Kc8 (13... Re8 14. h4 gxh4 15. Rxh4 Kc8 (15... f6
16. Bc4 $1 Ngxe5 (16... Bxc4 17. Rxg4 $18) 17. Bxe6 Rxe6 18. Nd4 Rd6 19. Re2 {
[%csl Rg7][%cal Gd4f5]} Nf8 20. Nf5 Rd7 21. Ne4 $16) 16. Re2 $1 (16. Rh5 Ne3
17. Rh1 (17. Bb5 c6 18. Ba4 Nf1 $1 $17) 17... Nxf1 18. Rxf1 $132) 16... Rg8 (
16... b6 17. Re4 $16) 17. Re4 Bf8 18. Bc4 Ne3 19. Bxe6 fxe6 20. Rxe3 Rxg3 21.
Re2 c6 22. Rd2 Kc7 23. Rhd4 Rd8 24. Ne4 Rg7 25. Nf6 $14) 14. Re2 h5 15. Nxg5 h4
16. Be1 Ngxe5 17. Nxe6 fxe6 18. g4 hxg3 19. Bxg3 $16 {[%csl Rc8,Re6,Gf1,Gg3]})
12... gxf4 13. hxg4 Bc5 14. Kb1 Be3 15. Rd1 Bxg4 $15 {1-0 Laplaza,J-Pizarro,P/
Buenos Aires GP 1993 (52)}) 9... Be7 (9... Bb4 10. e5 Bxc3 11. bxc3 h6 12. Bh4
g5 13. Nxg5 hxg5 14. Bxg5 Rh5 (14... Ke7 15. exf6+ Nxf6 16. Bxf4 (16. h4 Rad8
17. Bd3 $16) 16... Nd5 17. Bd2 Nb6 18. Re1 $16) 15. Bxf6+ Ke8 16. Be2 (16. Rd4
Nxf6 17. exf6 Rf5 18. Bd3 Rxf6 19. Rf1 f3 20. Rxf3 Rxf3 21. gxf3 $44 {[%csl
Ra2,Rc2,Rc3,Rf3,Rh2] 1/2-1/2 Appolonov,S-Vorotnikov,V/Podolsk 1993 (86)}) 16...
Nxf6 17. exf6 Rh6 18. Bf3 c6 19. Rd4 Rxf6 20. Rb4 Bc8 21. h4 $16) (9... Bc5 10.
Bxf4 (10. e5 h6 11. Bh4 g5 12. Nxg5 hxg5 13. Bxg5 Be3+ (13... Rg8 14. Bxf6+ Kc8
15. Ne4 Be3+ 16. Kb1 c6 17. h4 Nxf6 18. Nxf6 $16 {1-0 Smikovski,I-Chuprov,D/
Omsk 1996/CBM 57 (42)}) (13... Rh5 14. Bxf6+ Ke8 15. Be2 Nxf6 16. exf6 Rf5 17.
Bf3 Rxf6 18. Bxb7 Rb8 19. Bf3 $16 {1/2-1/2 Motylev,A-Gelman,A/RUS-chJ U20 1996
(44)}) 14. Kb1 Kc8 (14... Rh5 15. Bxf6+ Ke8 16. Be2 Nxf6 17. exf6 Rh6 18. Bf3 (
18. g4 fxg3 (18... Rxf6 19. Bf3 Rd8 20. g5 Rg6 21. h4 $16 {1-0 Frumkin,
E-Skeels,J/cr 1992 (28)}) 19. hxg3 Rd8 20. Rxh6 Rxd1+ 21. Bxd1 Bxh6 $14) 18...
Rb8 19. Ne4 $16) 15. exf6 Rg8 16. h4 Bg4 17. Be2 $18 {1-0 Fontaine,R-Zcharov,G/
EU-chJM U12 Rimavska Sobota ,EXT 1992 (30)}) 10... Ng4 11. Rd2 Be3 12. Bxe3
Nxe3 13. Bb5 c6 14. Re1 Nxc2 (14... Ng4 15. Bf1 Kc7 16. e5 Rad8 17. h3 Nh6 18.
g4 Nc5 19. Bg2 (19. Nd4 $14) 19... Rxd2 $1 (19... Ng8 $2 20. Rxd8 $1 (20. Nd4
$2 Ne7 21. b4 Nd7 (21... Na6 22. a3 Ng6 $11) 22. b5 Nc5 $132 {1/2-1/2 Brodskij,
M-Shabanov,Y/Moscow6 1991 (38)}) 20... Kxd8 21. Nd4 Kc7 22. Ne4 Nxe4 23. Nxe6+
fxe6 24. Bxe4 Ne7 25. Rf1 $16) 20. Nxd2 Rd8 $11) 15. Kxc2 cxb5 16. Nxb5 Ke7 $11
) (9... Kc8 10. Bxf4 Ng4 (10... Bb4 11. Nb5 (11. Nd5 Bxd5 12. exd5 Ng4 13. Bg3
Bd6 14. Bxd6 cxd6 15. Re1 Kd8 $15 {[%cal Gg4e5]}) 11... Ba5 12. Bd3 Ng4 13.
Rhf1 h6 $132 {1-0 Carstens,A-Von Gleich Alexander/Krumbach 1991 (38)}) (10...
Bc5 11. e5 Ng4 12. Ne4 Be3+ 13. Bxe3 Nxe3 14. Re1 Nxf1 15. Rhxf1 Kd8 (15... Re8
16. Nfg5 Nxe5 17. Nxe6 Rxe6 18. Ng5 Re7 19. Nxh7 (19. Nf3 Nc6 20. Rxe7 Nxe7 21.
Ng5 f6 22. Nxh7 Kd7 23. Rf3 Rh8 24. Rh3 Ng6 25. Kd2 Ke7 $17 {[%csl Rh7]}) 19...
Kd7 20. Ng5 $11) 16. Neg5 Ke7 17. Nd4 h6 18. Ngxe6 fxe6 19. Rf3 Rhf8 $11 {
1-0 Vaisser,A-Rausis,I/Hyeres 1992 (56)}) (10... Nh5 11. Bd2 Nhf6 12. Ng5 Ng4
13. Nxe6 fxe6 14. Re1 {1/2-1/2 Van der Wiel,J-Azmayparashvili,Z/Wijk aan Zee
op(8) 1993 (14)}) 11. Nb5 (11. Rd2 Bc5 12. h3 Be3 13. Bxe3 Nxe3 14. Ng5 Ne5 15.
b3 Nxf1 16. Rxf1 c6 17. Nxe6 fxe6 18. Rd6 Re8 19. Rxe6 Rxe6 20. Rf8+ Kc7 21.
Rxa8 $16 {1-0 Burmakin,V-Alperovich,A/Konsumex Kupa,Ajka(2) 1992 (31)}) 11...
Nf2 12. Nxc7 Nxh1 13. Nxa8 Nf2 14. Rd4 Bc5 15. Ra4 Rd8 16. Be2 b5 17. Bxb5 Kb7
18. Nc7 (18. b4 Rxa8 19. bxc5 Nxc5 20. Rb4 a5 21. Rb2 Nfxe4 22. Nd4 $16) 18...
Nb6 19. Ba6+ Kc6 20. Bb5+ Kb7 21. Ba6+ Kc6 22. Nd5 $3 Bxd5 (22... Nxa4 23. Ne5+
Kd6 24. Nxf7+ Kd7 25. Bb5+ Kc8 26. Nxd8 $18) 23. Ne5+ Kd6 (23... Kc7 24. Nxf7+
Bd6 25. Nxd6 Rxd6 (25... Nxa4 26. Nf7+ Kb6 27. Nxd8 $18) 26. Rd4 $18) 24. Ra5 (
24. Nxf7+ Ke7 25. Nxd8 Kxd8 26. Ra5 Nxe4 27. Bd3 Nd7 28. a3 (28. b4 Bxb4 29.
Rxa7 (29. Rxd5 Ba3+ $19) 29... Bc5 $132) 28... Nef6 29. g3 Bb6 30. Rb5 $14)
24... Nxe4 25. Nxf7+ Ke7 26. Nxd8 Kxd8 27. Bd3 Nd7 $14 (27... Bg1 28. Rxa7 $16
{1-0 Maliutin,E-Komliakov,V/Azov tt 1991 (45)})) (9... h6 $5 10. Bxf4 Bb4 $132)
10. Bxf4 c6 11. Ng5 $6 (11. Nd4 $142 $1 Bb4 12. e5 (12. Nxe6+ fxe6 13. Bd2 Ng4
14. Re1 Nf2 15. Rg1 Ne5 16. Be2 Rf8 17. Rgf1 Kd7 $132) 12... Bxc3 13. exf6 Bxd4
14. Rxd4 gxf6 15. Bd3 c5 16. Re4 Ke7 17. Rhe1 Nb6 18. Bg3 Rad8 19. Rh4 h5 20.
Be2 Rd4 21. Rxd4 cxd4 22. Bf2 h4 23. Bxd4 $16 {1-0 Svidler,P-Zvjaginsev,V/
URS-chJ Alma-Ata 1991 (39)}) 11... Bb4 12. Nxe6+ (12. e5 Bxc3 13. bxc3 (13.
exf6 Bxf6 {With Nd4 this move was impossible!} 14. Nxe6+ fxe6 15. Bc4 Ke7 16.
Rhe1 $44)) 12... fxe6 13. Bc4 (13. Bd2 Ng4 14. Re1 $132 {Like in previous
variation in the game Svidler - Zvjagintsev.}) 13... Ke7 14. e5 (14. Bd2 Rad8
$11) 14... Bxc3 $2 (14... Nd5 $8 15. Bg5+ Kf7 $2 (15... Ke8 $1 16. Nxd5 (16.
Bxd5 exd5 17. e6 Nc5 18. Rde1 d4 19. Ne4 Nxe6 $17 (19... Bxe1 20. Nd6+ Kf8 21.
e7+ Kg8 22. Rxe1 $18)) 16... exd5 17. Bd3 Nc5 18. Rhf1 Nxd3+ 19. Rxd3 Rf8 $11)
16. Rhf1+ Kg6 17. Nxd5 cxd5 18. Bf4 Rhf8 (18... Raf8 19. Bd3+ Kh5 20. Be2+ Kg6
21. Rd3 h6 22. Rb3 $16 (22. Rg3+ Kh7 23. Rb3 $16)) 19. Bd3+ Kh5 20. Bxh7 $16)
15. Rd6 $3 $16 {Excelent move!} (15. exf6+ Bxf6 16. Rhe1 $44) (15. bxc3 Nd5 16.
Bg5+ Ke8 17. Bxd5 cxd5 18. c4 h6 19. Bh4 g5 20. Bg3 dxc4 21. Rd6 Nc5 22. Rhd1
Rf8 23. R1d4 c3 24. Be1 Rf5 25. Bxc3 Rc8 $11 (25... Rxe5 $2 26. Rc4 Rf5 27. Bb4
b6 28. Bxc5 bxc5 29. Rxe6+ Kf7 30. Rxh6 $16)) 15... Nf8 (15... Nc5 16. bxc3 $5
(16. exf6+ $1 Bxf6 17. b4 Bg5 (17... e5 18. bxc5 exf4 19. Re1+ Kf8 20. Rd7 $18)
(17... b5 18. bxc5 bxc4 19. Re1 Rhe8 (19... Kf7 20. Rexe6) 20. Rexe6+ Kf7 21.
Rxe8 Rxe8 22. Rxc6 Re1+ $2 (22... Re2 23. g4 (23. Ra6 Bc3 24. Rxa7+ Ke6 25. Bg3
Rxg2 26. Kd1 Rd2+ 27. Kc1 Rg2 $11) 23... c3 24. Kd1 Re4 25. Bg3 Rxg4 26. Rd6
Rc4 27. c6 Be7 28. Rd7 Rxc6 29. Rxa7 Ke6 30. Ke2 Bf6 31. a4 $14) 23. Kd2 Rg1
24. Ra6 Rxg2+ 25. Ke3 Rxc2 26. c6 $18) 18. Bxg5+ Kxd6 19. bxc5+ Kxc5 20. Bxe6
$16) 16... Nfe4 17. Be3 Rhf8 18. Rhd1 Rf5 19. Bd3 Nxd3+ 20. R6xd3 Ke8 21. c4
Rxe5 22. Bd4 Rh5 23. Re1 $14) 16. bxc3 $6 (16. exf6+ $1 Bxf6 17. Rhd1 (17. Re1
e5 18. Rd3 Ng6 19. Be3 Rad8 $15) (17. Bxe6 $4 Bg5 $1 $19) 17... e5 (17... Re8
18. Be3 Be5 19. R6d2 a5 (19... Bxh2 20. Bc5+ Kf7 21. Rf2+ Kg6 22. Rh1 Be5 23.
Bd3+ Kg5 24. Be3+ Kg4 25. Be2+ Kg3 26. Rh3#) 20. h4 b5 21. Be2 $16) 18. Be3 $16
{[%cal Ge3c5]}) 16... Ne4 17. Rd4 Nxc3 18. Bg5+ Ke8 19. Rf1 Nd5 20. Be2 {
[%cal Gc2c4]} b5 {[%csl Gc4,Yd5]} 21. a4 $2 $132 (21. c4 $1 bxc4 22. Rxc4 Rc8
23. Bg4 h6 24. Bd2 Ke7 25. Bb4+ Nxb4 26. Rxb4 Rc7 (26... Nd7 27. Rb7 Rhf8 28.
Rd1 Rcd8 29. Rd6 $18) 27. Rbf4 Ke8 28. Kc2 $22 $16 Nh7 (28... Re7 29. Bh5+ g6
30. Rxf8+ Rxf8 31. Bxg6+ Ref7 32. g4 Ke7 33. Rxf7+ Rxf7 34. Bxf7 Kxf7 35. Kd3
Kg6 (35... h5 36. gxh5 Kg7 37. Kd4 Kh6 38. Kc5 Kxh5 39. Kxc6 $18) 36. h4 h5 37.
g5 Kf5 38. Kd4 c5+ (38... a6 39. a3 c5+ 40. Kxc5 $18) 39. Kxc5 Kxe5 40. a4 Kf5
41. Kd4 e5+ 42. Ke3 $18) 29. Bxe6 $18) 21... b4 {[%csl Yd5]} 22. Ba6 $2 $17 (
22. Bh5+ Ng6 (22... g6 23. Bf3 a5 24. Bf6 Rg8 25. c4 bxc3 26. Rc4 Rc8 27. Rc5
Nd7 28. Rxa5 N7xf6 29. exf6 Rf8 30. Bg4 Ne3 31. Bxe6 Nxf1 32. Bxc8 Rxf6 33. Kc2
Rf2+ 34. Kxc3 Rxg2 35. Bh3 (35. h3 $44) 35... Rf2 36. Bxf1 Rxf1 37. Ra7 $44)
23. Rh4 Rg8 (23... Rf8 24. Rxf8+ Kxf8 25. Bxg6 hxg6 26. Rh8+ $18) 24. a5 (24.
Bxg6+ hxg6) 24... Rc8 25. Rh3 Rc7 26. Rhf3 Rd7 27. Kb2 $22 $16 {[%csl Re8,Rg8]}
) 22... Rb8 23. a5 Nd7 (23... Ng6 24. Re4 (24. Rc4 Nxe5 25. Re4 Nf7 26. Be3 Nd6
27. Rxe6+ Kd7 28. Re5 Nxe3 29. Rxe3 Rhe8 30. Rd3 Kc7 $17) 24... Nc3 25. Re3 Rf8
26. Rxf8+ Kxf8 27. Bc4 Nd5 28. Re4 $17) 24. Re4 $4 $19 (24. Re1 Nc5 25. Bc4 Rf8
$17) 24... c5 $4 {Mabe (+) ?} (24... Nc5 $19) 25. Rh4 (25. Bc4 $15) 25... h6
26. Bd2 Rf8 27. Re1 (27. Rxf8+ Kxf8 28. Re4 $17) 27... Rf5 28. Rg4 (28. Bc4 Ke7
$17) 28... Kf8 $6 (28... Kf7 $19) 29. Rge4 Rf2 $2 (29... Ke7 $19) 30. R4e2 Rxe2
31. Rxe2 Ke7 32. Bd3 $2 $19 (32. Kb2 Rf8 33. Kb3 Rf5 34. Kc4 $17 {[%csl Yc4]})
32... Rf8 33. g3 Nb8 34. Bb5 (34. Be1 Rf1 35. Kb2 Nc6 36. Bf2 Nc3 37. Bxc5+ Kd8
38. Bxb4 Nxe2 $19) 34... a6 35. Bc4 Nc6 36. Bxa6 Nxa5 37. Re4 (37. Bb5 Rf1+ 38.
Kb2 c4 $19) 37... Rf2 38. h4 Nc6 39. Bd3 Nd4 40. Rg4 Kf8 41. Be1 Rh2 42. Re4
Ke7 0-1

[Event "Swidnica"]
[Site "Swidnica"]
[Date "1999.03.26"]
[Round "3"]
[White "Yakovich, Yuri"]
[Black "Kuzmin, Gennadi P"]
[Result "1-0"]
[WhiteElo "2565"]
[BlackElo "2546"]
[Annotator "Tsesarsky,I"]
[PlyCount "55"]
[EventDate "1999.03.??"]
[EventType "tourn"]
[EventRounds "9"]
[EventCountry "POL"]
[EventCategory "10"]
[SourceTitle "CBM 071"]
[Source "ChessBase"]
[SourceDate "1999.08.01"]
[SourceVersion "1"]
[SourceVersionDate "1999.08.01"]
[SourceQuality "1"]

1. d4 d6 2. e4 Nf6 3. Nc3 g6 4. Bg5 c6 5. Qd2 h6 6. Bh4 g5 (6... Bg7 7. f4 O-O
(7... Na6 8. e5 dxe5 9. fxe5 Nd5 10. Bxa6 bxa6 11. Nf3 g5 12. Bg3 Nxc3 13. Qxc3
Qd5 14. O-O-O O-O 15. Qa3 $14 {1/2-1/2 Hitech-Piket,J/AEGON 1991 (65)}) (7...
Qa5 8. Nf3 Bg4 9. Bd3 Bxf3 10. gxf3 Nh5 11. Bxe7 $1 Qb4 12. e5 Qxd4 (12... Nxf4
13. exd6 (13. Qxf4 Qxb2 14. Kd2 dxe5 15. dxe5 Kxe7 16. Rab1 Qa3 17. Rxb7+ Nd7
18. Re1 $14) 13... Bxd4 14. O-O-O Bxc3 15. Qxc3 Qxc3 16. bxc3 Nxd3+ 17. cxd3
Kd7 18. Rhe1 $132) 13. Bxd6 Nxf4 14. O-O-O Nd7 (14... Nxd3+ 15. cxd3 Nd7 16.
Rhe1 O-O-O (16... Nf8 $132) 17. Re4 Qb6 18. Kb1 Rde8 $132 (18... Bf8 $2 19. Rb4
Qxb4 (19... Qa5 $2 20. Ra4 Qb6 21. Nd5 $18 {1-0 Voekler,B-Gruebner,C/BL (2nd)
East 1995 (22)}) 20. Bxb4 Bxb4 21. f4 $16)) 15. Qe1 Nxd3+ 16. Rxd3 $14) 8. Bd3
(8. Nf3 d5 9. Bd3 dxe4 10. Nxe4 Nbd7 11. Nxf6+ Nxf6 12. O-O Qb6 13. c3 c5 14.
Bf2 cxd4 15. Bxd4 Qa5 16. Rfd1 Bf5 (16... Bg4 $132 {1-0 Himdan,M-Korsunsky,Y/
Tanta EGY 1998 (54)}) 17. b4 Qd5 18. c4 Qd7 $11) 8... Qb6 9. Nge2 Qxb2 10. O-O
e6 11. e5 dxe5 12. fxe5 Nd5 13. Ne4 $14 {1-0 Winants,L-Final Chesscard/
Brussels 1990 (17)}) 7. Bg3 Nh5 8. Nge2 (8. Bc4 Nd7 9. f4 e6 10. Nf3 Be7 11.
O-O-O g4 12. Ng1 d5 13. Bb3 Nxg3 14. hxg3 f5 15. e5 b6 16. Kb1 a5 17. Rc1 Ba6
18. Nd1 b5 19. c3 Nb6 $15 {1/2-1/2 Menvielle,A-Matanovic,A/Palma de Mallorca
1966 (60)}) (8. f4 e6 9. fxg5 hxg5 10. Bf2 g4 11. O-O-O b5 12. Bd3 Nf4 13. Bf1
a5 14. g3 Nh5 15. Bg2 a4 16. Nce2 (16. h3 Bh6 17. Be3 Nxg3 18. Bxh6 Nxh1 19.
Bg5 f6 $19 (19... Qa5 20. Bxh1 a3 $15 {0-1 Lindh,B-Arnesson,S/cr SWE/K 1976 
(31)})) 16... Bh6 17. Be3 Bxe3 18. Qxe3 Qe7 19. e5 Bb7 20. h3 Ng7 21. hxg4 $16)
(8. Be2 Nxg3 9. hxg3 Bg7 10. f4 g4 (10... Qa5 11. Rh5 f6 12. f5 d5 13. g4 Bd7
14. exd5 cxd5 15. Bf3 $16 {1-0 Hentzgen,K-Tietze,G/cr DDR ch 1981 (38)}) 11.
Rh5 f5 12. exf5 Nd7 13. Bxg4 Nf6 14. Bf3 Nxh5 15. Bxh5+ Kd7 16. Nf3 Kc7 17. g4
$14 {0-1 Pavasovic,D-Mohr,G/Radenci 1998 (43)}) (8. O-O-O Qa5 9. e5 Be6 10. Kb1
Nd7 11. exd6 O-O-O 12. d5 (12. d5 cxd5 (12... Nxg3 13. hxg3 (13. dxe6 Nxh1 14.
dxe7 Bxe7 15. exd7+ Kb8 16. Nh3 Qc7 17. g3 g4 18. Bg2 (18. Nf4 Bb4 19. Bg2 Bxc3
20. Qxc3 (20. bxc3 Qb6+ $17 {[%csl Rf2]}) 20... Nxf2 21. Rd2 Qb6 22. Qe5+ Ka8
23. Qe2 Nh3 24. Qxg4 Qg1+ 25. Qd1 Qxd1+ 26. Rxd1 Nxf4 27. gxf4 Kb8 $17) 18...
Nxg3 19. hxg3 gxh3 20. Bxh3 $15) 13... cxd5 14. dxe7 Bxe7 15. Nxd5 Qxd5 16.
Qxd5 Bxd5 17. Rxd5 $16) 13. dxe7 Bxe7 14. Nxd5 Qxd5 15. Qxd5 Bxd5 16. Rxd5 $16)
12... Bxd5 13. Nxd5 Qxd2 14. Rxd2 cxd5 15. dxe7 Bxe7 16. Rxd5 $16 (16. Bd3 $2
Nxg3 17. hxg3 Ne5 {1/2-1/2 Maes,W-Hamed,A/Elista RUS 1998 (17)})) 8... Qa5 9.
h4 g4 (9... Bg7 10. hxg5 hxg5 11. e5 dxe5 (11... Nxg3 12. Rxh8+ Bxh8 13. Nxg3
dxe5 14. Qxg5 Kf8 15. Bc4 $16) 12. Bxe5 Bxe5 (12... f6 13. Ng3 Nxg3 (13... fxe5
14. Nxh5 Bh6 15. Ng3 Be6 (15... exd4 16. Qxd4 $18) 16. Bd3 exd4 17. Bg6+ $18)
14. Rxh8+ Bxh8 15. Bxg3 Bf5 16. O-O-O $14) 13. dxe5 Qxe5 14. O-O-O Nd7 15. g4
Nf4 16. Rxh8+ Qxh8 17. Nxf4 gxf4 18. Qxf4 $14) 10. Bh2 Nd7 (10... Bg7 11. O-O-O
b5 $132) 11. Ng3 Nhf6 $6 $14 (11... Nxg3 12. Bxg3 Bg7 13. O-O-O b5 $132) 12.
Bc4 h5 (12... Nb6 13. Bb3 Bg7 14. O-O-O $14) 13. O-O Bh6 14. Qe1 $1 Qb4 (14...
Bf4 15. Rd1 $14) 15. b3 b5 16. a3 Qa5 17. Bd3 Bf4 18. b4 (18. Nf5 Bxh2+ 19.
Kxh2 Qc7 {[%csl Re5]} 20. Rd1 e6 21. Ng3 Bb7 22. Nce2 $14) 18... Qb6 19. Nce2
Bxg3 20. Bxg3 c5 $4 $18 {Black open a position at the king, who has got stuck
at the centre, and presence of two bishops at the opponent - simply suicide} (
20... a5 21. Qd2 Bb7 22. e5 dxe5 23. dxe5 Nd5 24. Nf4 $14) 21. bxc5 dxc5 22.
Rb1 a6 (22... Ba6 23. e5 Ng8 24. d5 $18) 23. e5 Ng8 24. Nf4 (24. d5 $1 c4 (
24... Bb7 25. c4 $18) 25. Bxc4 (25. Be4 Nc5 26. Nf4 Bb7 27. e6 $14) 25... Qc5 (
25... Qc7 26. Bb3 Nxe5 27. Nd4 $18) 26. Bb3 Qxa3 (26... Bb7 27. Qb4 $18) 27.
Qc3 $18) 24... cxd4 (24... e6 25. c4 (25. a4 c4 26. Bxc4 (26. Be4 Bb7 27. Bxb7
Qxb7 28. d5 exd5 29. e6 Ndf6 30. exf7+ Kxf7 31. Qe6+ Kg7 32. f3 (32. Qf5 Ne7
33. Qe5 (33. Ne6+ Kf7 34. Ng5+ Kg7 $132) 33... Rae8 34. axb5 axb5 (34... Ng6
35. Qg5 Rh6 36. bxa6 Qxa6 37. Rfe1 $18) 35. Ne6+ Kf7 36. Nc7 Ng6 37. Nxe8 Rxe8
38. Qb2 (38. Qf5 $16) 38... Re2 39. Rfe1 Rxe1+ 40. Rxe1 Ne4 41. Rb1 $18) 32...
Rh6 (32... Re8 33. Qf5 Ne7 34. Qg5+ Kf7 35. fxg4 Rhg8 36. Qe5 (36. Nxh5 Rxg5
37. hxg5 Neg8 38. Nxf6 Nxf6 39. Rxf6+ Kg7 40. axb5 axb5 41. Bf2 Re4 42. Rb6 Qe7
43. R1xb5 $132) 36... Ng6 37. Qd6 Nxf4 38. Qxf4 $18) 33. fxg4 hxg4 (33... Re8
34. Qf5 hxg4 35. axb5 axb5 36. Ne6+ Kh8 37. Nc7 Re2 38. Rxb5 Qa7+ 39. Kh2 Rh5
40. Qg6 Rh6 $132) 34. Qe5 $132) 26... Qxd4 27. Bd3 bxa4 28. Ne2 Qa7 29. Nc3 $16
) (25. d5 $1 exd5 (25... Ne7 26. dxe6 (26. c4 exd5 27. cxd5 Bb7 (27... c4 28.
Bxc4 Qc5 29. Bb3 $18) 28. d6 $18) 26... fxe6 27. c4 $18) 26. Nxd5 $18) 25...
cxd4 26. cxb5 Qa7 (26... axb5 27. Bxb5 Qa7 28. Bc6 Rb8 (28... Ba6 29. Bxa8 Bxf1
30. Bc6 Ba6 31. Qa5 $18) 29. Rxb8 Qxb8 30. Qe4 Ne7 31. Bxd7+ Bxd7 32. Qxd4 (32.
Rb1 Qa7 33. Ne2 Qxa3 34. Nxd4 O-O 35. Bf4 $14) 32... Nc6 33. Qd3 $18) 27. a4
$18) 25. e6 Nf8 $6 (25... Ndf6 26. exf7+ Kxf7 27. a4 $1 (27. Qe5 Rh6 28. a4 Bd7
(28... Qd6 29. Qxd6 exd6 30. axb5 axb5 31. Rxb5 Ba6 32. Rb4 Bxd3 33. Nxd3 (33.
cxd3 Ne7 34. Rxd4 d5 35. Rb4 Rhh8 $16) 33... Ra2 34. Rxd4 Rxc2 35. Bf4 Rh7 36.
Bxd6 $16) 29. Rfd1 $16) 27... Bd7 28. Ng6 Rh6 29. Ne5+ Kg7 30. Nxd7 Nxd7 31.
axb5 a5 32. Qe4 Rf8 33. Bf4 Rh8 34. f3 $18 (34. Bc7 Qf6 35. Qd5 Nb6 36. Bxb6
Qxb6 37. Qg5+ Kf7 38. f3 $18)) 26. Nd5 Qa7 27. Nc7+ Kd8 28. Qa5 1-0

[Event "RUS-Cup03 Geller Memorial"]
[Site "Moscow"]
[Date "1999.02.10"]
[Round "9"]
[White "Ovetchkin, Roman"]
[Black "Nalbandian, Tigran"]
[Result "1/2-1/2"]
[WhiteElo "2511"]
[BlackElo "2439"]
[Annotator "Tsesarsky,I"]
[PlyCount "90"]
[EventDate "1999.02.10"]
[EventType "swiss"]
[EventRounds "9"]
[EventCountry "RUS"]
[SourceTitle "CBM 070"]
[Source "ChessBase"]
[SourceDate "1999.06.08"]
[SourceVersion "1"]
[SourceVersionDate "1999.06.08"]
[SourceQuality "1"]

{[%mdl 32]} 1. d4 Nf6 2. g3 g6 3. Bg2 Bg7 4. e4 d6 5. Nc3 O-O 6. Nge2 e5 7. O-O
exd4 8. Nxd4 Nc6 9. Nde2 (9. Nxc6 bxc6 10. e5 $6 dxe5 11. Qxd8 (11. Bxc6 Rb8
$132) 11... Rxd8 12. Bxc6 Rb8 13. Na4 Rd6 (13... Bf5 14. c3 Be4 15. Bxe4 Nxe4
16. Be3 $11) 14. Bg2 Bf5 $15 {1/2-1/2 Jakubek,P-Safyanovsky,M/Bratislava
Slovan ,EXT 1993 (47)}) 9... Re8 (9... Bg4 10. h3 (10. f3 Be6 11. Bg5 $132)
10... Bxe2 11. Qxe2 Nd7 12. Nd5 Nb6 13. c3 $11 {1/2-1/2 Hartoch,R-Donner,J/
Leeuwarden NK 1974 (23)}) 10. h3 Bd7 (10... Nd7 11. Kh2 Nb6 12. a4 a5 13. b3
Nb4 14. Be3 Nd7 15. Qd2 Nc5 16. Rad1 $14 {1-0 Short,N-Donner,J/Amsterdam 1982 
(30)}) (10... Rb8 11. Bg5 h6 12. Be3 a6 13. f4 Bd7 14. Qd3 h5 15. Rae1 b5 $132
{1-0 Weindl,A-Foerster,R/Bad Ragaz 1992 (32)}) 11. g4 (11. f4 Rb8 12. Be3 b5
13. a3 a5 14. Qd3 b4 15. axb4 Nxb4 (15... axb4 16. Nd1 Qe7 17. Nf2 $132) 16.
Qd2 Bc6 $132) 11... b5 $2 $17 12. Ng3 $2 $132 (12. g5 Nh5 (12... b4 13. gxf6
bxc3 14. fxg7 $18) (12... Bxh3 13. gxf6 (13. Bxh3 Nxe4 14. Nxe4 Rxe4 15. Bg2
$18) 13... Bxg2 14. Kxg2 $16) 13. Nxb5 Rb8 14. Nbc3 Qc8 15. Kh2 $16) 12... b4
13. Nce2 h6 14. f4 Rb8 (14... Qe7 $5 15. Be3 a5 $132) (14... a5 $132) 15. Qd3
Na5 (15... Qe7 $132) 16. g5 (16. Rd1 Bb5 17. Qf3 (17. Qe3 c5 $132 18. e5 $2 Qc8
$17) 17... Bc6 18. Qd3 Bb5 $11) 16... Bb5 17. Qf3 (17. Qe3 Nc4 18. Qxa7 hxg5
19. fxg5 Nh7 20. Qf2 Rf8 21. Nd4 (21. h4 f6 $1 $132) 21... Nxg5 22. Nxb5 Rxb5
23. b3 Na3 24. c4 Ra5 25. Bb2 Bxb2 26. Qxb2 Ne6 $15) 17... Bxe2 (17... Nd7 18.
gxh6 Bxh6 $132) 18. Qxe2 hxg5 19. fxg5 Nd7 (19... Nh7 20. h4 Nc6 21. Rb1 (21.
Rxf7 Bd4+ 22. Kh1 Kxf7 23. Qc4+ Kg7 24. Qxc6 Bf2 $17) 21... Ne5 22. Be3 $132)
20. Qf2 Qe7 21. Rb1 Nc4 (21... Nc5 22. Be3 $11) 22. b3 Na3 23. Bxa3 bxa3 24. h4
(24. Qxa7 Nc5 25. Qxa3 Qxg5 26. b4 Nxe4 27. Nxe4 Rxe4 $15) 24... c5 25. Ne2 Be5
26. Rbd1 Rf8 (26... Kg7 27. c3 Rh8 28. Rd3 Rbf8 (28... f6 29. Rf3 Rbf8 $11) 29.
Nf4 f6 30. Nd5 Qd8 31. Nf4 (31. Rf3 fxg5 32. Rf7+ Rxf7 33. Qxf7+ Kh6 34. Ne7
Qe8 35. hxg5+ Kxg5 $17) 31... Qe7 32. Nd5 $11) 27. Qf3 Kg7 28. Bh3 (28. Nf4 Rh8
(28... Bd4+ 29. Kh1 Rh8 $132 (29... Ne5 30. Qg3 $16)) 29. Nd5 Qe8 $132) 28...
Rh8 29. Qg4 Nf8 (29... Rb7 $5) 30. Rd3 Ne6 31. Ng3 (31. Rdf3 Rbf8 32. c3 Rh7
$132) 31... Nd4 (31... Bd4+ 32. Kg2 Rh7 33. Rdf3 Rf8 34. c3 Be5 35. Ne2 $132)
32. c3 Bxg3 33. cxd4 (33. Rxg3 Nc6 34. Re3 Ne5 $11) 33... Bxh4 34. dxc5 Rbd8 (
34... dxc5 35. Rd7 Qxg5 36. Rfxf7+ Kh6 $11) 35. Rdf3 (35. cxd6 Rxd6 $11) 35...
Rdf8 36. c6 Rh5 (36... Bxg5 $4 37. c7 f6 38. Qd7 (38. Qxg5 fxg5 39. Rxf8 Rxf8
40. Rxf8 Qxc7 $19) 38... Qxd7 39. Bxd7 $18) 37. Qd7 Rxg5+ 38. Kh1 (38. Bg2 Qxd7
39. cxd7 Rc5 40. b4 Rc7 41. Bh3 Rc4 (41... f5 42. exf5 Rxd7 43. f6+ $18) 42.
Rxa3 Bd8 $11) 38... Qxe4 39. Bg2 (39. Kh2) 39... Kh6 (39... Kg8 40. Qxd6 Qe2
41. Bh3 Rh5 42. c7 Be7 43. Qd7 f5 44. Qd5+ Kg7 45. R1f2 Qe1+ (45... Rxh3+ 46.
Kg2 $3 $16) 46. Rf1 Qe2 $11 (46... Rxh3+ 47. Kg2 $16)) 40. Rg3 (40. Qxd6 $132)
40... Qd4 41. Rxg5 Bxg5 42. c7 Qh4+ 43. Bh3 Qe4+ 44. Bg2 Qh4+ 45. Bh3 Qe4+
1/2-1/2